Computer networks-I : for VI sem. BE, CS and eng. and IS and eng as per the VTU (Record no. 179038)

MARC details
000 -LEADER
fixed length control field 00473nam a2200157Ia 4500
008 - FIXED-LENGTH DATA ELEMENTS--GENERAL INFORMATION
fixed length control field 231217s9999 xx 000 0 und d
041 ## - LANGUAGE CODE
Language code of text/sound track or separate title English
082 ## - DEWEY DECIMAL CLASSIFICATION NUMBER
Classification number 001.64404 BAS;3
100 ## - MAIN ENTRY--PERSONAL NAME
Personal name Basavaraju, T G.
245 #0 - TITLE STATEMENT
Title Computer networks-I : for VI sem. BE, CS and eng. and IS and eng as per the VTU
250 ## - EDITION STATEMENT
Edition statement 2nd ed.
260 ## - PUBLICATION, DISTRIBUTION, ETC.
Date of publication, distribution, etc. 2006
Name of publisher, distributor, etc. Star-techeducation
Place of publication, distribution, etc. Bangalore
300 ## - PHYSICAL DESCRIPTION
Extent 342
650 ## - SUBJECT ADDED ENTRY--TOPICAL TERM
Topical term or geographic name entry element Computer,networks-I,:,VI,sem.,BE,,CS,eng.,eng
942 ## - ADDED ENTRY ELEMENTS (KOHA)
Koha item type Books
Holdings
Date last seen Total checkouts Full call number Accession number Price effective from Category Lost status Damaged status Department Withdrawn status Home library Current library Shelving location Entry date Vendor Grants Billdate Currency symbol Conversion rate Discount Old discount
26/01/2024   001.64404 BAS;3 44902 26/01/2024 Books     Central Library   Central Library Central Library Central Library 25/05/2007 Publisher DONATED 11/09/2008 RS 1    
26/01/2024   001.64404 BAS;5 51629 26/01/2024 Books     Central Library   Central Library Central Library Central Library 26/11/2008 Publisher DONATED 01/02/2012 RS 1    
26/01/2024   001.64404 BAS;3 54182 26/01/2024 Books     Central Library   Central Library Central Library Central Library 24/04/2009 Publisher DONATED 28/11/2012 RS 1    

© For any Suggestions or Query, please contact the library staff @ librarian@pes.edu or Phone: +9180 2672 1983/ 2108.